Monde : Voyager 10 pays les plus chers et 10 les moins chers - Statistiques

Statistiques générales
  • Ce quiz a été pris 56 fois
  • Le résultat moyen est 9 sur 20
Statistiques - réponses
Coût en € Continent Pays les moins chers Rang % Correct
5442 Océanie Australie 4
85%
929 Afrique Maroc 3
66%
1166 Europe Italie 10
64%
1121 Afrique Egypte 9
60%
977 Europe Espagne 5
60%
1030 Europe Grèce 8
60%
878 Afrique Tunisie 2
55%
986 Asie Turquie 6
51%
1021 Europe Croatie 7
49%
6220 Asie Irak 9
40%
527 Europe Tchéquie 1
38%
958 Europe Hongrie 4
36%
6216 Asie Corée-du-Nord 8
32%
5717 Océanie Papouasie-Nouvelle-Guinée 7
30%
7345 Océanie Vanuatu 10
30%
4990 Océanie Micronésie 1
28%
5260 Afrique Somalie 2
23%
5384 Afrique Angola 3
19%
5446 Afrique Zambie 5
17%
5700 Asie Bhoutan 6
15%
Aucun quiz correspondant
Distribution des résultats
% des personnes avec chaque résultat
Percentile par nombre de réponses
Votre historique - résultats
Vous n’avez pas pris ce quiz